Small-RNA sequencing identifies serum microRNAs associated with abnormal electrocardiography findings in patients with Chagas disease

Background - Chagas disease, caused by the parasite Trypanosoma cruzi (T. cruzi), affects around 6-7 million people in Latin America and hundreds of thousands in the United States and Europe. A main complication of chronic Chagas disease is cardiomyopathy, possibly manifesting as arrhythmias, heart...

Full description

Saved in:
Bibliographic Details
Main Authors: Müller, Michael (Author) , Blandino, Alice (Author) , Scherer, Dominique (Author) , Zulantay, Inés (Author) , Apt, Werner (Author) , Varela, Nelson M. (Author) , Llancaqueo, Marcelo (Author) , Garcia, Lineth (Author) , Ortiz, Lourdes (Author) , Nicastri, Emanuele (Author) , Giancola, Maria Letizia (Author) , Angheben, Andrea (Author) , Gabrielli, Simona (Author) , Rounge, Trine B. (Author) , Langseth, Hilde (Author) , Waldenberger, Melanie (Author) , Salinas-Alvarez, Pamela (Author) , Lorenzo Bermejo, Justo (Author)
Format: Article (Journal)
Language:English
Published: 12 September 2025
In: Journal of infection
Year: 2025, Volume: 91, Issue: 4, Pages: 1-9
ISSN:1532-2742
DOI:10.1016/j.jinf.2025.106613
Online Access:Verlag, kostenfrei, Volltext: https://doi.org/10.1016/j.jinf.2025.106613
Verlag, kostenfrei, Volltext: https://www.sciencedirect.com/science/article/pii/S0163445325002130
Get full text
Author Notes:Michael Mueller, Alice Blandino, Dominique Scherer, Inés Zulantay, Werner Apt, Nelson M. Varela, Marcelo Llancaqueo, Lineth Garcia, Lourdes Ortiz, Emanuele Nicastri, Maria Letizia Giancola, Andrea Angheben, Simona Gabrielli, Trine B. Rounge, Hilde Langseth, Melanie Waldenberger, Pamela Salinas-Alvarez, Justo Lorenzo Bermejo

MARC

LEADER 00000naa a2200000 c 4500
001 1968259813
003 DE-627
005 20260409131226.0
007 cr uuu---uuuuu
008 260409s2025 xx |||||o 00| ||eng c
024 7 |a 10.1016/j.jinf.2025.106613  |2 doi 
035 |a (DE-627)1968259813 
035 |a (DE-599)KXP1968259813 
040 |a DE-627  |b ger  |c DE-627  |e rda 
041 |a eng 
084 |a 33  |2 sdnb 
100 1 |a Müller, Michael  |d 1980-  |e VerfasserIn  |0 (DE-588)1047566893  |0 (DE-627)778566846  |0 (DE-576)401169987  |4 aut 
245 1 0 |a Small-RNA sequencing identifies serum microRNAs associated with abnormal electrocardiography findings in patients with Chagas disease  |c Michael Mueller, Alice Blandino, Dominique Scherer, Inés Zulantay, Werner Apt, Nelson M. Varela, Marcelo Llancaqueo, Lineth Garcia, Lourdes Ortiz, Emanuele Nicastri, Maria Letizia Giancola, Andrea Angheben, Simona Gabrielli, Trine B. Rounge, Hilde Langseth, Melanie Waldenberger, Pamela Salinas-Alvarez, Justo Lorenzo Bermejo 
264 1 |c 12 September 2025 
300 |b Diagramme 
300 |a 9 
336 |a Text  |b txt  |2 rdacontent 
337 |a Computermedien  |b c  |2 rdamedia 
338 |a Online-Ressource  |b cr  |2 rdacarrier 
500 |a Gesehen am 09.04.2026 
520 |a Background - Chagas disease, caused by the parasite Trypanosoma cruzi (T. cruzi), affects around 6-7 million people in Latin America and hundreds of thousands in the United States and Europe. A main complication of chronic Chagas disease is cardiomyopathy, possibly manifesting as arrhythmias, heart failure, or sudden cardiac death. Understanding the link between T. cruzi infection and cardiomyopathy is essential for early diagnosis and adequate treatment. - Methods - We sequenced small RNAs in serum samples from 228 Chagas patients recruited in Chile, Bolivia and Italy. After bioinformatic processing of sequencing data to quantify serum miRNA expression, robust logistic regression was applied to identify miRNAs differentially expressed in Chagas patients with abnormalities in electrocardiography (ECG), bundle-branch block on ECG, and high Kuschnir scores. We also investigated the association between genotype-based miRNA expression and the risk of abnormal ECG findings. - Findings - As reported, the risk of abnormal ECG findings was higher in male patients and increased with age. Three miRNAs showed lower serum expression levels in patients with abnormal ECG: miRNA-101-3p, miRNA-576-3p and miRNA-629-5p (p < 0.0002), especially in patients with high Kuschnir scores. The expression of miRNA-629-5p was negatively correlated with the CCL5 expression (p = 3.7×10-8), a chemokine frequently reported in Chagas disease. Gene enrichment analyses indicated involvement of cytokine signalling in Chagas cardiomyopathy. - Interpretation - The findings demonstrate the potential of circulating miRNAs as diagnostic biomarkers for Chagas cardiomyopathy. The associations found with disease severity and immune response may help to improve our knowledge of complications’ development in Chagas disease. 
650 4 |a Biomarkers 
650 4 |a C-C motif chemokine ligand 5 () 
650 4 |a Cardiomyopathy 
650 4 |a Chagas 
650 4 |a MicroRNA 
650 4 |a Small-RNA sequencing 
700 1 |a Blandino, Alice  |d 1995-  |e VerfasserIn  |0 (DE-588)1258877783  |0 (DE-627)1805495011  |4 aut 
700 1 |a Scherer, Dominique  |d 1978-  |e VerfasserIn  |0 (DE-588)140126090  |0 (DE-627)616036647  |0 (DE-576)314697233  |4 aut 
700 1 |a Zulantay, Inés  |e VerfasserIn  |4 aut 
700 1 |a Apt, Werner  |e VerfasserIn  |4 aut 
700 1 |a Varela, Nelson M.  |e VerfasserIn  |4 aut 
700 1 |a Llancaqueo, Marcelo  |e VerfasserIn  |4 aut 
700 1 |a Garcia, Lineth  |e VerfasserIn  |4 aut 
700 1 |a Ortiz, Lourdes  |e VerfasserIn  |4 aut 
700 1 |a Nicastri, Emanuele  |e VerfasserIn  |4 aut 
700 1 |a Giancola, Maria Letizia  |e VerfasserIn  |4 aut 
700 1 |a Angheben, Andrea  |e VerfasserIn  |4 aut 
700 1 |a Gabrielli, Simona  |e VerfasserIn  |4 aut 
700 1 |a Rounge, Trine B.  |e VerfasserIn  |4 aut 
700 1 |a Langseth, Hilde  |e VerfasserIn  |4 aut 
700 1 |a Waldenberger, Melanie  |e VerfasserIn  |4 aut 
700 1 |a Salinas-Alvarez, Pamela  |e VerfasserIn  |4 aut 
700 1 |a Lorenzo Bermejo, Justo  |d 1972-  |e VerfasserIn  |0 (DE-588)124754619  |0 (DE-627)706705572  |0 (DE-576)294483632  |4 aut 
773 0 8 |i Enthalten in  |t Journal of infection  |d Amsterdam [u.a.] : Elsevier, 1979  |g 91(2025), 4, Artikel-ID 106613, Seite 1-9  |h Online-Ressource  |w (DE-627)320506436  |w (DE-600)2012883-6  |w (DE-576)104344717  |x 1532-2742  |7 nnas  |a Small-RNA sequencing identifies serum microRNAs associated with abnormal electrocardiography findings in patients with Chagas disease 
773 1 8 |g volume:91  |g year:2025  |g number:4  |g elocationid:106613  |g pages:1-9  |g extent:9  |a Small-RNA sequencing identifies serum microRNAs associated with abnormal electrocardiography findings in patients with Chagas disease 
856 4 0 |u https://doi.org/10.1016/j.jinf.2025.106613  |x Verlag  |x Resolving-System  |z kostenfrei  |3 Volltext  |7 0 
856 4 0 |u https://www.sciencedirect.com/science/article/pii/S0163445325002130  |x Verlag  |z kostenfrei  |3 Volltext  |7 0 
951 |a AR 
992 |a 20260409 
993 |a Article 
994 |a 2025 
998 |g 124754619  |a Lorenzo Bermejo, Justo  |m 124754619:Lorenzo Bermejo, Justo  |d 910000  |d 911800  |d 50000  |e 910000PL124754619  |e 911800PL124754619  |e 50000PL124754619  |k 0/910000/  |k 1/910000/911800/  |k 0/50000/  |p 18  |y j 
998 |g 140126090  |a Scherer, Dominique  |m 140126090:Scherer, Dominique  |d 910000  |d 911800  |e 910000PS140126090  |e 911800PS140126090  |k 0/910000/  |k 1/910000/911800/  |p 3 
999 |a KXP-PPN1968259813  |e 4949293575 
BIB |a Y 
SER |a journal 
JSO |a {"recId":"1968259813","title":[{"title":"Small-RNA sequencing identifies serum microRNAs associated with abnormal electrocardiography findings in patients with Chagas disease","title_sort":"Small-RNA sequencing identifies serum microRNAs associated with abnormal electrocardiography findings in patients with Chagas disease"}],"relHost":[{"disp":"Small-RNA sequencing identifies serum microRNAs associated with abnormal electrocardiography findings in patients with Chagas diseaseJournal of infection","type":{"media":"Online-Ressource","bibl":"periodical"},"physDesc":[{"extent":"Online-Ressource"}],"language":["eng"],"part":{"issue":"4","volume":"91","extent":"9","text":"91(2025), 4, Artikel-ID 106613, Seite 1-9","year":"2025","pages":"1-9"},"id":{"issn":["1532-2742"],"eki":["320506436"],"zdb":["2012883-6"]},"pubHistory":["1.1979 -"],"title":[{"title_sort":"Journal of infection","title":"Journal of infection"}],"recId":"320506436","origin":[{"dateIssuedDisp":"1979-","publisherPlace":"Amsterdam [u.a.] ; London [u.a.]","dateIssuedKey":"1979","publisher":"Elsevier ; Harcourt"}],"note":["Gesehen am 04.09.2025"]}],"note":["Gesehen am 09.04.2026"],"origin":[{"dateIssuedKey":"2025","dateIssuedDisp":"12 September 2025"}],"name":{"displayForm":["Michael Mueller, Alice Blandino, Dominique Scherer, Inés Zulantay, Werner Apt, Nelson M. Varela, Marcelo Llancaqueo, Lineth Garcia, Lourdes Ortiz, Emanuele Nicastri, Maria Letizia Giancola, Andrea Angheben, Simona Gabrielli, Trine B. Rounge, Hilde Langseth, Melanie Waldenberger, Pamela Salinas-Alvarez, Justo Lorenzo Bermejo"]},"type":{"bibl":"article-journal","media":"Online-Ressource"},"physDesc":[{"extent":"9 S.","noteIll":"Diagramme"}],"person":[{"family":"Müller","given":"Michael","display":"Müller, Michael","role":"aut"},{"role":"aut","family":"Blandino","given":"Alice","display":"Blandino, Alice"},{"family":"Scherer","given":"Dominique","display":"Scherer, Dominique","role":"aut"},{"role":"aut","display":"Zulantay, Inés","given":"Inés","family":"Zulantay"},{"role":"aut","family":"Apt","given":"Werner","display":"Apt, Werner"},{"display":"Varela, Nelson M.","given":"Nelson M.","family":"Varela","role":"aut"},{"role":"aut","given":"Marcelo","display":"Llancaqueo, Marcelo","family":"Llancaqueo"},{"role":"aut","given":"Lineth","display":"Garcia, Lineth","family":"Garcia"},{"role":"aut","given":"Lourdes","family":"Ortiz","display":"Ortiz, Lourdes"},{"role":"aut","given":"Emanuele","display":"Nicastri, Emanuele","family":"Nicastri"},{"given":"Maria Letizia","family":"Giancola","display":"Giancola, Maria Letizia","role":"aut"},{"role":"aut","family":"Angheben","given":"Andrea","display":"Angheben, Andrea"},{"role":"aut","given":"Simona","family":"Gabrielli","display":"Gabrielli, Simona"},{"family":"Rounge","given":"Trine B.","display":"Rounge, Trine B.","role":"aut"},{"role":"aut","given":"Hilde","family":"Langseth","display":"Langseth, Hilde"},{"role":"aut","family":"Waldenberger","given":"Melanie","display":"Waldenberger, Melanie"},{"display":"Salinas-Alvarez, Pamela","given":"Pamela","family":"Salinas-Alvarez","role":"aut"},{"display":"Lorenzo Bermejo, Justo","given":"Justo","family":"Lorenzo Bermejo","role":"aut"}],"id":{"eki":["1968259813"],"doi":["10.1016/j.jinf.2025.106613"]},"language":["eng"]} 
SRT |a MUELLERMICSMALLRNASE1220